00654nam a2200181 a 450000100100000000500170001000800410002702000150006804000250008310000290010824500620013725000120019926000620021130000210027349000290029450000790032350000700040200003933520201002031612.0130624s1998 dr 000 0 spa d a8460093441 aDO-SdBNPbspacBNPHU1 aGarcía Molina, Bartolo10aRedacción :bcurso superior /cBartolo García Molina. a3a. ed. aSanto Domingo :bUniversidad Católica de Santo Domingo. a293 p. ;c23 cm.1 aExperiencias didáctica aIncluye referencias bibliográficas y notas al pie de las páginasc1998 aIncluye datos biográficos del autor en la solapa de la cubierta